000 00273nam a2200109Ia 4500
008 220204s9999 xx 000 0 und d
082 _a82-3
_bLYM
100 _aLymington, John
245 0 _aStarseed on eye moor
260 _aLondon
_bHodder and stoughton
_c1977
942 _cBK
999 _c28011
_d28011